| 000 | 00507nam a2200193Ia 4500 | ||
|---|---|---|---|
| 003 | IN-BaIIA | ||
| 008 | 211028s9999 xx 000 0 eng d | ||
| 020 | _a0-8397-2229-X | ||
| 040 | _cIIA Library | ||
| 080 |
_a523.68 _bNIN |
||
| 100 |
_aNininger, Harvey H _97612 |
||
| 245 | 0 |
_aFind a falling star _cHarvey H. Nininger |
|
| 260 |
_aNew York _bPaul S. Eriksson _c1972 |
||
| 300 | _ax, 254p. | ||
| 650 | _aAstronomy and astrophysics thesaurus | ||
| 650 | _aMeteorites | ||
| 650 | _aMeteors | ||
| 942 | _cBK | ||
| 999 |
_c4338 _d4338 |
||